000 00414nam a2200145Ia 4500
008 211109s9999||||xx |||||||||||||| ||und||
082 _a894.8125
_bVEL-R
100 _aVelu Pilla,
245 0 _aRamakrishna Parmahamsarude Upadeshngal
260 _bDeepika Books
_aKottayam
_c1983
300 _a50p.
630 _xGeneral Stack
650 _aMalayalam Literature
_vMalayalam SpeechesAdvice
_xMalayalam
942 _cBOOK
999 _c1212
_d1212